Everything I needed to know about business... I learned from a Canadian
Đã lưu trong:
| Những tác giả chính: | , |
|---|---|
| Định dạng: | Sách |
| Ngôn ngữ: | Tiếng Anh |
| Được phát hành: |
Mississauga
Wiley
2008
|
| Phiên bản: | 2a. ed |
| Loạt: | Rincón Canadá
|
| Những chủ đề: | |
| Các nhãn: |
Thêm thẻ
Không có thẻ, Là người đầu tiên thẻ bản ghi này!
|
MARC
| LEADER | 00000cam a2200000 a 4500 | ||
|---|---|---|---|
| 001 | UCE3682 | ||
| 003 | CL-VaPUC | ||
| 008 | 140911e20080000cn |||||||||||||||||eng|d | ||
| 020 | |a 9780470159750 | ||
| 082 | 0 | 4 | |a 658.4 |b BRO |2 21 |
| 100 | 0 | |a Brody, Leonard |e author |9 576168 | |
| 700 | 0 | |a Raffa, David |e author |9 576169 | |
| 245 | 1 | 0 | |a Everything I needed to know about business... I learned from a Canadian |
| 250 | |a 2a. ed | ||
| 300 | |a 373 p | ||
| 942 | |c BK | ||
| 945 | |d 20140911 14:25:00 |a arojas | ||
| 260 | |a Mississauga |b Wiley |c 2008 | ||
| 650 | 0 | |a Gerencia ejecutiva |9 482521 | |
| 650 | 0 | |a Gestión administrativa |9 375217 | |
| 650 | 7 | |a EXITOS EN LOS NEGOCIOS |2 CL-VaPUC |9 576170 | |
| 651 | 7 | |a CANADA |2 CL-VaPUC |9 576171 | |
| 583 | |a last modification |c 20140911 14:25:00 |k Rodrigo Vera | ||
| 490 | 0 | |a Rincón Canadá | |
| 999 | |c 356869 |d 356867 | ||
| 952 | |0 0 |1 0 |3 erb |4 0 |6 658_400000000000000_BRO_2008 |7 0 |8 A |9 464627 |a BIBENE |b BIBENE |i 511439K |o 658.4 BRO 2008 |p 511439K |r 2025-01-15 |w 2019-11-23 |y BK |z Catalogado en:20140911 |k ICO | ||